000 00809nam a22002297a 4500
005 20220412111757.0
008 220412b ||||| |||| 00| 0 eng d
040 _cAloy
041 _aeng
082 _223
_a320.954
_bBANW
100 _aS S Bankeshwar
_929519
245 _aWhither India?
_bIn search of new postulates
260 _aMumbai
_bSaravana Publications
_c2005
300 _aiv,271 p.
_bPB
_c21x14 cm.
365 _2Political Science
_b250.00
_c
_d250.00
520 _aA ollection of selected articles, interviews with VIPs, Book Reviews, and letters in the National Dailies and Astrological predictions.
650 _aSelected Articles
_929520
650 _aAstrological Predictions
_929521
650 _aBattle of Languages
_929522
700 _aBANKESHWAR (S S)
_929523
942 _2ddc
_cBK
999 _c222389
_d222389